| 000 | 00351 a2200145 4500 | ||
|---|---|---|---|
| 020 | _a9780545341202 | ||
| 020 | _a0545341205 | ||
| 041 | _aspa | ||
| 100 | 1 | 0 | _aHutton, Clare |
| 245 | 1 | 0 | _aAullidos a medianoche |
| 260 | _aNew York : Scholastic Inc., c2011. | ||
| 300 |
_a185 pages ; _c20 cm |
||
| 500 | _aTranslation of: Midnight howl. | ||
| 942 | _cBK | ||
| 999 |
_c8012 _d8012 |
||